000 00698nas a2200241 4500
001 BR8700406
003 BR-BrBNA
005 20231205090546.0
007 ta
008 230509b bl.|||p| |||| 00| 00por d
040 _aBR-BrBNA
_bpor
_cBiblioteca Nacional de Agricultura
041 _a(De)
072 _aL20
100 1 _aBeck, L.
245 1 _aBodenzoologie der amazonischen Uberschwemmungswalder [ecologia animal, Amazonas]
650 _aECOLOGIA ANIMAL
650 _aAMAZONAS
650 _aHABITAT
650 _aFLORESTA
773 0 _tAmazoniana (Brazil)
_xISSN 0065-6755
_g(Sep 1983), v. 8(1) p. 91-99
_wBR8700406
909 _a202311
_bLúcia
_c55
_dLúcia Elande
942 _2AGRIS
_n0
_cANA
999 _c119312
_d119312